[Event "Wch U10 Girls"]
[Site "Montesilvano"]
[Date "2024.11.20"]
[Round "6"]
[White "Sun, Yucan1"]
[Black "Pham, Nhu Y"]
[Result "0-1"]
[WhiteElo "1642"]
[BlackElo "1545"]
[PlyCount "86"]
[EventDate "2024.11.15"]
[EventType "swiss"]
[EventRounds "11"]
[EventCountry "ITA"]
[SourceTitle "CB48_2024"]
[SourceDate "2024.11.28"]
[SourceVersion "1"]
[SourceVersionDate "2024.11.28"]
[SourceQuality "1"]

1. e4 c6 2. Nc3 d5 3. Nf3 Bg4 4. h3 Bxf3 5. Qxf3 e6 6. d4 Nf6 7. Be2 Be7 8. e5 Nfd7 9. Qg4 g6 10. Bh6 c5 11. Bb5 a6 12. Bxd7+ Nxd7 13. Nd1 Rc8 14. c3 cxd4 15. Qxd4 Rc4 16. Qd2 Re4+ 17. Ne3 Nxe5 18. 0-0 Bg5 19. Bg7 Nc4 20. Qd3 Nxe3 21. Bxh8 Nxf1 22. Rxf1 f6 23. Rd1 Qc8 24. f3 Rc4 25. Re1 Kf7 26. Qe2 Rc6 27. Bxf6 Bxf6 28. f4 d4 29. cxd4 Bxd4+ 30. Kh1 Rc2 31. Qe4 Qc6 32. Qxc6 bxc6 33. Rd1 c5 34. b4 Rxa2 35. bxc5 Bxc5 36. Rd7+ Be7 37. Ra7 a5 38. Kh2 a4 39. Kg3 a3 40. Kf3 Rb2 41. g3 a2 42. h4 Rb3+ 43. Kg2 Ra3 0-1

[Event "VIE-ch (Women)"]
[Site "Hanoi"]
[Date "2024.03.15"]
[Round "7"]
[White "Pham, Nhu Y"]
[Black "Huynh, Ngoc Anh Thu"]
[Result "1/2-1/2"]
[WhiteElo "1533"]
[BlackElo "1724"]
[PlyCount "80"]
[EventDate "2024.03.11"]
[EventType "swiss"]
[EventRounds "9"]
[EventCountry "VIE"]
[SourceTitle "CBM 219 Extra"]
[Source "ChessBase"]
[SourceDate "2024.05.31"]
[SourceVersion "1"]
[SourceVersionDate "2024.05.31"]
[SourceQuality "1"]

1. d4 Nf6 2. Nf3 d5 3. c4 Bf5 4. Nc3 c6 5. Bf4 dxc4 6. a4 Nd5 7. Bg3 Nxc3 8. bxc3 b5 9. e3 e6 10. Be2 h6 11. 0-0 Bd6 12. Bxd6 Qxd6 13. Nd2 0-0 14. e4 Bg6 15. e5 Qc7 16. axb5 Bd3 17. bxc6 Nxc6 18. Nxc4 Bxc4 19. Bxc4 Nxe5 20. Bxe6 fxe6 21. dxe5 Qxe5 22. Qb3 Rfb8 23. Qc2 Rc8 24. c4 a5 25. Rae1 Qf5 26. Qc3 Rc5 27. Re3 Rac8 28. Rg3 R8c7 29. Rd1 Kh7 30. h3 e5 31. Re3 a4 32. Qa1 Rxc4 33. Rxe5 Qc2 34. Rde1 Rc3 35. R5e2 Qb3 36. Rb2 Qc4 37. Qb1+ g6 38. Rb4 Qc5 39. Rxa4 h5 40. Ra6 Rc2 1/2-1/2

[Event "Asia-ch U10 Girls"]
[Site "Al Ain"]
[Date "2023.12.16"]
[Round "4"]
[White "Kokareva, Sofya Dm"]
[Black "Pham, Nhu Y"]
[Result "1-0"]
[WhiteElo "1365"]
[BlackElo "1197"]
[PlyCount "139"]
[EventDate "2023.12.14"]
[EventType "swiss"]
[EventRounds "9"]
[EventCountry "UAE"]
[SourceTitle "EXT 2025"]
[Source "ChessBase"]
[SourceDate "2024.10.14"]
[SourceVersion "1"]
[SourceVersionDate "2024.10.14"]
[SourceQuality "1"]

1. e4 c6 2. d4 d5 3. Nc3 dxe4 4. Nxe4 Bf5 5. Ng3 Bg6 6. Nf3 Nd7 7. h4 h6 8. h5 Bh7 9. Bd3 Bxd3 10. Qxd3 Ngf6 11. Bd2 e6 12. 0-0-0 Be7 13. Ne4 Nxe4 14. Qxe4 Nf6 15. Qe2 Qd5 16. c4 Qe4 17. Qxe4 Nxe4 18. Be3 0-0 19. Nd2 Nxd2 20. Kxd2 f5 21. Bf4 Bf6 22. Ke3 Rad8 23. b3 b6 24. Be5 Bxe5 25. dxe5 Kf7 26. b4 c5 27. bxc5 bxc5 28. f4 Ke7 29. Rxd8 Rxd8 30. Rb1 Rd7 31. Rb5 Rc7 32. Kf3 Kd7 33. g4 Ke7 34. gxf5 exf5 35. a4 Kd7 36. Ra5 Kc6 37. Ra6+ Kd7 38. a5 Ke7 39. Rg6 Kf8 40. a6 Kf7 41. Rd6 Ke7 42. Ke3 Ke8 43. Rg6 Kf7 44. Kd3 Kf8 45. Rd6 Ke7 46. Kc3 Rc8 47. Rg6 Kf7 48. Rd6 Ke7 49. Rg6 Kf7 50. Kb3 Rb8+ 51. Kc3 Rc8 52. Kb3 Rb8+ 53. Ka4 Rb4+ 54. Ka5 Rxc4 55. Rc6 Rc1 56. Rc7+ Kg8 57. Rxa7 c4 58. Rc7 c3 59. Kb6 Rb1+ 60. Ka7 Rb3 61. e6 Kf8 62. Ka8 Ra3 63. Kb7 Rb3+ 64. Kc8 Ke8 65. a7 Ra3 66. Kb8 Rb3+ 67. Rb7 Ra3 68. a8Q Rxa8+ 69. Kxa8 Kd8 70. Kb8 1-0

[Event "Wch U08 Girls"]
[Site "Batumi"]
[Date "2022.09.27"]
[Round "11"]
[White "Tselmuun, Ider"]
[Black "Pham, Nhu Y"]
[Result "0-1"]
[WhiteElo "1183"]
[BlackElo "1857"]
[PlyCount "164"]
[EventDate "2022.09.16"]
[EventType "swiss"]
[EventRounds "11"]
[EventCountry "GEO"]
[SourceTitle "EXT 2023"]
[Source "ChessBase"]
[SourceDate "2022.10.05"]
[SourceVersion "1"]
[SourceVersionDate "2022.10.05"]
[SourceQuality "1"]

1. e4 g6 2. Nf3 Bg7 3. d4 d6 4. Be2 e6 5. 0-0 Ne7 6. Bf4 a6 7. Qd2 h6 8. h4 b5 9. Nh2 Bb7 10. Qe3 c5 11. Nf3 Nbc6 12. c3 cxd4 13. cxd4 Rc8 14. Nbd2 Nb4 15. Qb3 Nbc6 16. Be3 Nb8 17. Rac1 Nd7 18. a4 Rb8 19. Qa3 b4 20. Qxb4 Bxe4 21. Qxd6 Bxf3 22. Nxf3 Rxb2 23. Bxa6 Rb6 24. Qc7 Qxc7 25. Rxc7 Rxa6 26. Ra1 Nd5 27. Rc8+ Ke7 28. Rxh8 Bxh8 29. Bxh6 Nc3 30. a5 Ne2+ 31. Kf1 Nxd4 32. Nxd4 Bxd4 33. Ra3 Bc5 34. Ra2 Bb4 35. Bd2 Bxd2 36. Rxd2 Rxa5 37. g3 Rd5 38. Ra2 Ne5 39. Kg2 f5 40. f3 Nc4 41. Kh3 Rd2 42. Ra7+ Kf6 43. g4 Ne3 44. g5+ Ke5 45. Ra1 Kf4 46. h5 gxh5 47. Rg1 Nd5 48. g6 Nf6 49. g7 Kxf3 50. g8Q Nxg8 51. Rxg8 e5 52. Rg5 Kf4 53. Rxh5 e4 54. Rh8 e3 55. Re8 Kf3 56. Re7 e2 57. Kh4 Rd1 58. Kg5 e1Q 59. Rxe1 Rxe1 60. Kxf5 Re4 61. Kg6 Re5 62. Kf7 Ra5 63. Kf6 Kf4 64. Ke6 Rh5 65. Kf6 Rh6+ 66. Kg7 Ra6 67. Kf7 Kf5 68. Ke7 Rh6 69. Kd7 Ke5 70. Kc7 Kd5 71. Kb7 Kc5 72. Ka7 Kb5 73. Kb7 Rh7+ 74. Kb8 Kb6 75. Kc8 Kc6 76. Kd8 Kd6 77. Ke8 Ke6 78. Kd8 Rg7 79. Kc8 Kd6 80. Kb8 Kc6 81. Ka8 Kb6 82. Kb8 Rg8# 0-1

[Event "Wch U08 Girls"]
[Site "Batumi"]
[Date "2022.09.17"]
[Round "2"]
[White "Malcheva, Niya"]
[Black "Pham, Nhu Y"]
[Result "0-1"]
[WhiteElo "1102"]
[BlackElo "1857"]
[PlyCount "67"]
[EventDate "2022.09.16"]
[EventType "swiss"]
[EventRounds "11"]
[EventCountry "GEO"]
[SourceTitle "EXT 2023"]
[Source "ChessBase"]
[SourceDate "2022.10.05"]
[SourceVersion "1"]
[SourceVersionDate "2022.10.05"]
[SourceQuality "1"]

1. e4 c5 2. Nc3 d6 3. d4 cxd4 4. Qxd4 a6 5. b3 Nc6 6. Qd2 Nf6 7. Bb2 e6 8. 0-0-0 Be7 9. Kb1 Qc7 10. Nge2 b6 11. f4 Bb7 12. g3 0-0-0 13. Qe3 Rhe8 14. Bh3 Kb8 15. Rhe1 Nd7 16. Ng1 b5 17. Nf3 Nb6 18. e5 dxe5 19. Nxe5 Nxe5 20. Rxd8+ Rxd8 21. Qxe5 Qxe5 22. Rxe5 Bf6 23. Re2 h5 24. f5 b4 25. Ne4 Rd1+ 26. Bc1 Bxe4 27. Rxe4 Bg5 28. Rxb4 Ka7 29. c3 Rxc1+ 30. Kb2 Re1 31. Kc2 Re2+ 32. Kd1 Rxh2 33. fxe6 fxe6 34. Bxe6 0-1